<?xml version="1.0" encoding="UTF-8"?><?xml-stylesheet type="text/xsl" href="static/style.xsl"?><OAI-PMH xmlns="http://www.openarchives.org/OAI/2.0/" xmlns:xsi="http://www.w3.org/2001/XMLSchema-instance" xsi:schemaLocation="http://www.openarchives.org/OAI/2.0/ http://www.openarchives.org/OAI/2.0/OAI-PMH.xsd"><responseDate>2026-04-19T05:28:02Z</responseDate><request verb="GetRecord" identifier="oai:riubu.ubu.es:10259/4389" metadataPrefix="marc">https://riubu.ubu.es/oai/request</request><GetRecord><record><header><identifier>oai:riubu.ubu.es:10259/4389</identifier><datestamp>2023-03-17T09:11:47Z</datestamp><setSpec>com_10259_4386</setSpec><setSpec>com_10259_5086</setSpec><setSpec>com_10259_2604</setSpec><setSpec>com_10259_4141</setSpec><setSpec>col_10259_4387</setSpec><setSpec>col_10259_4142</setSpec></header><metadata><record xmlns="http://www.loc.gov/MARC21/slim" xmlns:doc="http://www.lyncode.com/xoai" xmlns:xsi="http://www.w3.org/2001/XMLSchema-instance" xmlns:dcterms="http://purl.org/dc/terms/" xsi:schemaLocation="http://www.loc.gov/MARC21/slim http://www.loc.gov/standards/marcxml/schema/MARC21slim.xsd">
<leader>00925njm 22002777a 4500</leader>
<datafield tag="042" ind1=" " ind2=" ">
<subfield code="a">dc</subfield>
</datafield>
<datafield tag="720" ind1=" " ind2=" ">
<subfield code="a">Jiménez Palmero, Alfredo</subfield>
<subfield code="e">author</subfield>
</datafield>
<datafield tag="720" ind1=" " ind2=" ">
<subfield code="a">Palmero Cámara, María del Carmen</subfield>
<subfield code="e">author</subfield>
</datafield>
<datafield tag="720" ind1=" " ind2=" ">
<subfield code="a">González Santos, Josefa</subfield>
<subfield code="e">author</subfield>
</datafield>
<datafield tag="720" ind1=" " ind2=" ">
<subfield code="a">González Bernal, Jerónimo</subfield>
<subfield code="e">author</subfield>
</datafield>
<datafield tag="720" ind1=" " ind2=" ">
<subfield code="a">Jiménez Eguizábal, Alfredo</subfield>
<subfield code="e">author</subfield>
</datafield>
<datafield tag="260" ind1=" " ind2=" ">
<subfield code="c">2015-09</subfield>
</datafield>
<datafield tag="520" ind1=" " ind2=" ">
<subfield code="a">This paper studies the impact of formal education on entrepreneurship rates. We propose that different levels of education not only vary between each other in terms of their impact, but also according to whether we analysis either formal or informal entrepreneurship. Our results show that tertiary education increases formal entrepreneurship as a consequence of the higher self-confidence, lower perceived risk and enhanced human capital. At the same time, tertiary education also has a negative effect on informal entrepreneurship as it increases awareness of and sensitivity to the possible negative repercussions of this kind of activities. In addition, we show that the impact of secondary education on formal entrepreneurship is positive as well, although in this case the effect on informal entrepreneurship is not significant. Even though secondary education also increases awareness of the potential negative repercussions of informal entrepreneurship, this effect is counteracted by a lack of management skills.</subfield>
</datafield>
<datafield tag="024" ind2=" " ind1="8">
<subfield code="a">http://hdl.handle.net/10259/4389</subfield>
</datafield>
<datafield ind1=" " ind2=" " tag="653">
<subfield code="a">Formal entrepreneurship</subfield>
</datafield>
<datafield ind1=" " ind2=" " tag="653">
<subfield code="a">Informal entrepreneurship</subfield>
</datafield>
<datafield ind1=" " ind2=" " tag="653">
<subfield code="a">Secondary education</subfield>
</datafield>
<datafield ind1=" " ind2=" " tag="653">
<subfield code="a">Tertiary education</subfield>
</datafield>
<datafield ind1=" " ind2=" " tag="653">
<subfield code="a">Education enrolment</subfield>
</datafield>
<datafield tag="245" ind1="0" ind2="0">
<subfield code="a">The impact of educational levels on formal and informal entrepreneurship</subfield>
</datafield>
</record></metadata></record></GetRecord></OAI-PMH>